Stalker 2 Artifacts Quiz - Statistics

General Stats
  • This quiz has been taken 9 times
  • The average score is 11 of 75
Answer Stats
Gravitational Artifacts % Correct
Goldfish
67%
Crystal
50%
Eye
50%
Gravi
50%
Kolobok
50%
Spring
50%
Tourists Breakfast
50%
Compass
33%
Jellyfish
33%
Mama's Beads
33%
Meat Chunk
33%
Moonlight
33%
Shell
33%
Slime
33%
Weird Ball
33%
Battery
17%
Bubble
17%
Chocolate Bar
17%
Crest
17%
Droplets
17%
Fireball
17%
Flash
17%
Flytrap
17%
Liquid Rock
17%
Magma
17%
Mica
17%
Night Star
17%
Pellicle
17%
Petal
17%
Slug
17%
Snowflake
17%
Soul
17%
Sparkler
17%
Steak
17%
Stone Blood
17%
Thunderberry
17%
Urchin
17%
Weird Bolt
17%
Weird Flower
17%
Weird Nut
17%
Weird Pot
17%
Weird Water
17%
Wrenched
17%
Broken Rock
0%
Cavity
0%
Ciliate
0%
Crown
0%
Crust
0%
Crystal Thorn
0%
Dead Sponge
0%
Devils Mushroom
0%
Flaw
0%
Flower Bud
0%
Glare
0%
Harp
0%
Horn
0%
Hypercube
0%
Lantern
0%
Lyre
0%
Magic Cube
0%
Meat Lighter
0%
Mold
0%
Pebble
0%
Plasma
0%
Rat King
0%
Rosin
0%
Sapphire
0%
Shipjack
0%
Shop Class
0%
Spinner
0%
Star Fish
0%
Stone Heart
0%
Thorn
0%
Torch
0%
Whirlwind
0%
No matching quizzes found
Score Distribution
Percent of People with Each Score
Percentile by Number Answered
Your Score History
You have not taken this quiz